Estado de situación al 30 06 84

Na minha lista:
Detalhes bibliográficos
Autor Corporativo: Sindicato de Empleados de la Universidad de Costa Rica
Formato: Texto
Publicado em: San Pedro de M. de O. :
Tags: Adicionar Tag
Sem tags, seja o primeiro a adicionar uma tag!

MARC

LEADER 00000 a a2200000 04500
001 14171
003
040
090 |a EXTRAVIADO  
110 |a Sindicato de Empleados de la Universidad de Costa Rica  
245 |a Estado de situación al 30 06 84  
260 |a San Pedro de M. de O. :  
300 |a 5 p.  
999 |c 14123  |d 14123